000
00293nam a22001337a 4500
008
170612b xxu||||| |||| 00| 0 eng d
020
_a
9780807827376
041
_a
eng
080
_a
94(7/8)
100
_a
19
101
_a
SHP
245
_a
AMERICAN ORIENTALISM
_c
LITTLE, D
942
_2
udc
_c
BK
999
_c
17016
_d
17016